|
|
|
|
| LEADER |
01128nam a22003011 4500 |
| 001 |
33265 |
| 003 |
BD-DhAAL |
| 005 |
20180708114138.0 |
| 008 |
180707t1961 nyu 000 0 eng |
| 999 |
|
|
|c 39611
|d 39611
|
| 010 |
|
|
|a 61014623
|
| 035 |
|
|
|a (OCoLC)913343
|
| 040 |
|
|
|a DLC
|c NhD
|d OCoLC
|d DLC
|d BD-DhAAL
|
| 042 |
|
|
|a premarc
|
| 050 |
0 |
0 |
|a BS440
|b .M52 1961
|
| 082 |
|
|
|a 220.3
|
| 100 |
1 |
|
|a Miller, Madeleine S.
|q (Madeleine Sweeny),
|d 1890-1976.
|9 26744
|
| 245 |
1 |
0 |
|a Harper's Bible dictionary,
|c by Madeleine S. Miller and J. Lane Miller. Drawings by Claire Valentine.
|
| 250 |
|
|
|a Seventh edition
|
| 260 |
|
|
|a New York :
|b Harper,
|c c1961
|
| 300 |
|
|
|a x, 854 pages :
|b illustrations, maps (part colors) ;
|c 25 cm.
|
| 526 |
|
|
|a ARC
|
| 541 |
|
|
|e 33265
|
| 630 |
0 |
0 |
|a Bible
|v Dictionaries.
|9 26745
|
| 700 |
1 |
|
|a Miller, John Lane,
|d 1884-1954
|9 26746
|
| 852 |
|
|
|a Department of Architecture
|c General Stacks
|
| 942 |
|
|
|2 ddc
|c BK
|
| 952 |
|
|
|0 0
|1 0
|2 ddc
|4 0
|6 220_300000000000000_MIL
|7 0
|9 63629
|a BRACUL
|b BRACUL
|c GEN
|d 2018-07-08
|l 0
|o 220.3 MIL
|p 3010033265
|r 2018-07-08
|t 1
|w 2018-07-08
|y BK
|x Transferred from ARC to BRACUL on 28/12/2023
|